| 000 | 01360cam a2200361 a 4500 | ||
|---|---|---|---|
| 999 |
_c16896 _d16896 |
||
| 001 | 12671898 | ||
| 003 | EG-ScBUE | ||
| 005 | 20201031131656.0 | ||
| 008 | 020208t2002 nyu f bf 001 0 eng d | ||
| 020 | _a0815629397 (alk. paper) | ||
| 020 | _a9780815629399 | ||
| 040 |
_aDLC _beng _erda _cDLC _dDLC _dEG-ScBUE |
||
| 082 | 0 | 4 |
_a812.509 _bSTE _221 |
| 100 | 1 |
_aSternlicht, Sanford, _d1931- _eauthor. _930688 |
|
| 245 | 1 | 2 |
_aA reader's guide to modern American drama / _cSanford Sternlicht. |
| 246 | 3 | 0 | _aModern American drama |
| 250 | _aFirst edition. | ||
| 264 | 1 |
_aNew York : _bSyracuse University Press, _c[2002] |
|
| 264 | 4 | _cc2002 | |
| 300 |
_axi, 260 pages ; _c22 cm. |
||
| 336 |
_2rdacontent _atext _btxt |
||
| 337 |
_2rdamedia _aunmediated _bn |
||
| 338 |
_2rdacarrier _avolume _bnc |
||
| 490 | 1 | _aA Reader's guide to literature | |
| 504 | _aIncludes bibliographical references and index. | ||
| 650 | 7 |
_aAmerican drama _y20th century _xHistory and criticism _vHandbooks, manuals, etc. _2BUEsh _930690 |
|
| 650 | 7 |
_aTheater _zUnited States _xHistory _y20th century _vHandbooks, manuals, etc. _2BUEsh _930691 |
|
| 651 | _2BUEsh | ||
| 653 |
_cJuly2012 _bGGEN |
||
| 655 |
_vReading book _934232 |
||
| 942 |
_2ddc _cBB |
||